000 00641nam a2200193Ii 4500
003 JO-AjNU
008 230605s9999||||xx |||||||||||||| ||und||
040 _aJO-AjNU
_bara
_erda
_cJO-AjNU
041 _aara
050 1 4 _aDS153.3 2005
100 3 _aإعداد الزعبي، زهير,
_eauthor
_940533
245 0 0 _aعالم آثار أردني: مغامر ويحقق الإنجازات
264 3 1 _aعمان: د.ن، 2005
300 _a65ص
_bصور توضيحية
336 _atext
_btxt
_2rdacontent
337 _aunmediated
_bn
_2rdamedia
338 _avolume
_bnc
_2rdacarrier
650 4 _aالاثار-علم- الاردن
_940534
999 _aA17209
_c20777
_d20777